000 00566nam a22002177a 4500
003 Ost
005 20260310080357.0
008 260310b |||||||| |||| 00| 0 eng d
020 _a9781119942733
040 _cBT-PhCST
050 _a25675-25676
082 _222
_a629.2293
_bLAR
100 _aLarminie, James.
245 _aElectric vehicle technology explained /
250 _a2nd ed.
260 _aUK :
_bJohn Wiley and Sons,
_cc2012
300 _axxv, 314 p. :
_bill. ;
_c25 cm.
500 _aIncludes index.
700 _aLowry, John.
942 _2ddc
_cEE
999 _c10170
_d10170